00601cam a2200193 a 4500020002500000020003100025040000800056082002600064100001800090245007100108260006000179300003400239650003900273650002100312650001500333650001700348650001900365700002300384 a9781422144206 (hbk.) a9781422144208 (alk. paper) cDLC00a174 HAR 2013 A113 Or.1 aMackey, John,10aConscious capitalism :bliberating the heroic spirit of business / aBoston, Mass. :bHarvard Business Review Press,cc2013. axiv, 344 p. :bill. ;c25 cm. 0aSocial responsibility of business. 0aBusiness ethics. 0aCapitalism 0aCorporations 0aSocial values.1 aSisodia, Rajendra.